Predchádzanie vzniku odpadov

Prevencia pred vznikom odpadu je jednou z mnohých dôležitých súčastí udržateľného rozvoja a ochrany životného prostredia a preto jej vo väčšine podnikoch, samosprávach i krajinách patria popredné priečky v cieľoch spojených s udržateľným rozvojom. S rastom dopytu a spotreby rastie taktiež priemysel...

Description complète

Enregistré dans:
Détails bibliographiques
Auteur principal: Kaľuha, Pavol, 1998-
Format: Chapitre de livre
Langue:slovaque
Sujets:
Tags: Ajouter un tag
Pas de tags, Soyez le premier à ajouter un tag!

MARC

LEADER 00000naa a2200000 4500
001 0298430
005 20240502074525.0
041 0 |a slo 
044 |a SK 
245 1 0 |a Predchádzanie vzniku odpadov  |c Pavol Kaľuha 
520 |a Prevencia pred vznikom odpadu je jednou z mnohých dôležitých súčastí udržateľného rozvoja a ochrany životného prostredia a preto jej vo väčšine podnikoch, samosprávach i krajinách patria popredné priečky v cieľoch spojených s udržateľným rozvojom. S rastom dopytu a spotreby rastie taktiež priemysel a výroba, čo má za následok zvyšujúcu sa produkciu odpadu Aj preto je nevyhnutné venovať sa tejto problematike a implementovať oparenia, ktoré budú minimalizovať vznik odpadu a ktoré môžu dopomôcť k jeho lepšiemu a šetrnejšiemu spracovaniu voči prírode a životnému prostrediu. 
610 2 0 |a odpad 
610 2 0 |a hospodárstvo odpadové 
610 2 0 |a prostredie životné 
610 2 0 |a odpad komunálny 
100 1 |a Kaľuha, Pavol, 1998-